| 000 | 00629nam a2200217 a 4500 | ||
|---|---|---|---|
| 001 | 0001-2093 | ||
| 003 | ELIB.Books | ||
| 008 | 190723 2010 eng | ||
| 020 | _a10: 1933339012 | ||
| 092 |
_a930, 940, 909 _bBau |
||
| 100 | _aBauer, Susan Wise. | ||
| 245 | _aThe Story of the World Vol. I, II, III, IV | ||
| 260 |
_aCharles City _bPeace Hill Press _c2006, 2007, 2004, 2005 |
||
| 300 |
_a338, 416, 421, 503 _c21.5cm |
||
| 650 | _aHistory | ||
| 856 |
_nKBTS Library _uKBTS Elib |
||
| 942 |
_2ddc _cBK |
||
| 990 | _a5 | ||
| 998 |
_aEnglishbooks.elf _ccat _e2019-07-23 _mcat _u2019-08-08 |
||
| 999 |
_c12093 _d12093 |
||